[Event "Sharjah Cup (Women) 12th"]
[Site "Sharjah"]
[Date "2022.12.15"]
[Round "8"]
[White "Al Ali, Aisha Saif"]
[Black "Maksimovic, Suzana"]
[Result "0-1"]
[WhiteElo "1594"]
[BlackElo "2127"]
[PlyCount "58"]
[EventDate "2022.12.09"]
[EventType "swiss"]
[EventRounds "9"]
[EventCountry "UAE"]
[SourceTitle "CBM 211 Extra"]
[Source "ChessBase"]
[SourceDate "2023.01.31"]
[SourceVersion "1"]
[SourceVersionDate "2023.01.31"]
[SourceQuality "1"]

1. e4 c5 2. Nf3 a6 3. Nc3 b5 4. d4 cxd4 5. Nxd4 e6 6. Bd3 Qb6 7. Be3 Bc5 8. Be2 Bb7 9. a4 b4 10. a5 Qd6 11. Na4 Ba7 12. Bf3 Qe5 13. Nb6 Bxb6 14. axb6 Nf6 15. Nb3 Nc6 16. Nc5 Rb8 17. Nxb7 Rxb7 18. Rxa6 0-0 19. 0-0 Nxe4 20. Bxe4 Qxe4 21. Bc5 d6 22. Qxd6 Rd8 23. Qc7 Rxc7 24. bxc7 Rc8 25. Rfa1 h6 26. Ra8 Ne7 27. Rb8 Kh7 28. Bxe7 Rxc7 29. Rxb4 Qxc2 0-1

[Event "Sharjah Blitz op 27th"]
[Site "Sharjah"]
[Date "2022.04.08"]
[Round "3"]
[White "Mohammed, Dilshad"]
[Black "Al Ali, Aisha Saif"]
[Result "1-0"]
[WhiteElo "2041"]
[BlackElo "1693"]
[PlyCount "47"]
[EventDate "2022.04.08"]
[EventType "swiss (blitz)"]
[EventRounds "9"]
[EventCountry "UAE"]
[SourceTitle "CBM 207 Extra"]
[Source "ChessBase"]
[SourceDate "2022.05.31"]
[SourceVersion "1"]
[SourceVersionDate "2022.05.31"]
[SourceQuality "1"]

1. Nf3 d5 2. c4 e6 3. e3 Nf6 4. cxd5 exd5 5. d4 g6 6. Nc3 Bg7 7. Bd3 0-0 8. Ne5 b6 9. 0-0 Ba6 10. f4 Bxd3 11. Qxd3 Nbd7 12. Bd2 c5 13. Rac1 c4 14. Qe2 a6 15. Qf3 Nxe5 16. fxe5 Ne8 17. Nxd5 b5 18. Bb4 f6 19. Bxf8 Bxf8 20. exf6 Kf7 21. e4 Bh6 22. Rce1 Nc7 23. Nxc7 Qxc7 24. e5 1-0

[Event "Sharjah Blitz op 27th"]
[Site "Sharjah"]
[Date "2022.04.08"]
[Round "8"]
[White "Sultan, Ibrahim"]
[Black "Al Ali, Aisha Saif"]
[Result "1-0"]
[WhiteElo "2052"]
[BlackElo "1693"]
[PlyCount "65"]
[EventDate "2022.04.08"]
[EventType "swiss (blitz)"]
[EventRounds "9"]
[EventCountry "UAE"]
[SourceTitle "CBM 207 Extra"]
[Source "ChessBase"]
[SourceDate "2022.05.31"]
[SourceVersion "1"]
[SourceVersionDate "2022.05.31"]
[SourceQuality "1"]

1. d4 d5 2. c4 e6 3. Nc3 Nf6 4. cxd5 exd5 5. Bg5 Be7 6. e3 h6 7. Bh4 0-0 8. Bd3 b6 9. Nf3 Bb7 10. 0-0 c5 11. Rc1 Nc6 12. dxc5 bxc5 13. Bxf6 Bxf6 14. Nxd5 Bxb2 15. Rb1 Na5 16. Nf4 Bf6 17. Nh5 c4 18. Be2 Ba6 19. Qa4 Qd5 20. Nxf6+ gxf6 21. Rfd1 Qc5 22. Nd4 Rab8 23. Qd7 Rxb1 24. Rxb1 Bc8 25. Qb5 Qa3 26. Bxc4 Nxc4 27. Qxc4 Be6 28. Nxe6 fxe6 29. Qxe6+ Kh8 30. h3 Qd3 31. Rb7 Qg6 32. Qg4 Qxg4 33. hxg4 1-0

[Event "Sharjah Rapid op 27th"]
[Site "Sharjah"]
[Date "2022.04.06"]
[Round "4"]
[White "Mamantuc, Ibrahim Jr"]
[Black "Al Ali, Aisha Saif"]
[Result "1-0"]
[WhiteElo "1564"]
[BlackElo "1693"]
[PlyCount "87"]
[EventDate "2022.04.06"]
[EventType "swiss (rapid)"]
[EventRounds "9"]
[EventCountry "UAE"]
[SourceTitle "CBM 207 Extra"]
[Source "ChessBase"]
[SourceDate "2022.05.31"]
[SourceVersion "1"]
[SourceVersionDate "2022.05.31"]
[SourceQuality "1"]

1. e4 c5 2. Nc3 Nc6 3. Bc4 e6 4. a3 Nge7 5. d3 d5 6. exd5 exd5 7. Ba2 g6 8. h3 Bg7 9. Nf3 0-0 10. 0-0 h6 11. Bf4 Be6 12. Qd2 Kh7 13. Rab1 a6 14. Ne2 b5 15. c3 d4 16. Bxe6 fxe6 17. Rfe1 Nd5 18. Bg3 e5 19. Qc2 Rc8 20. Nd2 Na5 21. c4 Nb6 22. b4 cxb4 23. axb4 Nc6 24. c5 Nd5 25. Ne4 Ncxb4 26. Qb3 a5 27. Rec1 a4 28. Qa3 Rc6 29. Rxb4 Nxb4 30. Qxb4 Qd5 31. Qxb5 a3 32. Qa4 a2 33. Ra1 Rfc8 34. Rxa2 Qf7 35. Nd6 Rxd6 36. cxd6 Rf8 37. Qa7 Kg8 38. Ra6 h5 39. Qxf7+ Rxf7 40. Rc6 Rd7 41. f4 exf4 42. Nxf4 Be5 43. Nxh5 Bxg3 44. Nf6+ 1-0

[Event "Asia Nations online Cup (Women)"]
[Site "Chess.com INT"]
[Date "2020.10.17"]
[Round "6.10"]
[White "Al Ali, Aisha Saif"]
[Black "Adhikari, Kritisara"]
[Result "1-0"]
[WhiteElo "1478"]
[BlackElo "1445"]
[PlyCount "33"]
[EventDate "2020.10.11"]
[EventType "team-swiss (rapid)"]
[EventRounds "9"]
[EventCountry "IND"]
[SourceTitle "CBM 198 Extra"]
[Source "ChessBase"]
[SourceDate "2020.11.30"]
[SourceVersion "1"]
[SourceVersionDate "2020.11.30"]
[SourceQuality "1"]
[WhiteTeam "United Arab Emirates (W)"]
[BlackTeam "Nepal (W)"]
[WhiteTeamCountry "UAE"]
[BlackTeamCountry "NEP"]

1. e4 d6 2. d4 Nf6 3. Nc3 g6 4. f3 Bg7 5. Be3 0-0 6. Qd2 Nbd7 7. h4 c6 8. Bh6 e5 9. 0-0-0 Qb6 10. dxe5 dxe5 11. h5 Nc5 12. hxg6 fxg6 13. Bc4+ Kh8 14. Bxg7+ Kxg7 15. Qh6+ Kh8 16. Qxf8+ Ng8 17. Qxg8# 1-0

[Event "Asia Nations online Cup (Women)"]
[Site "Chess.com INT"]
[Date "2020.10.17"]
[Round "5.6"]
[White "Tala, Alnasser"]
[Black "Al Ali, Aisha Saif"]
[Result "1/2-1/2"]
[WhiteElo "1431"]
[BlackElo "1478"]
[PlyCount "95"]
[EventDate "2020.10.11"]
[EventType "team-swiss (rapid)"]
[EventRounds "9"]
[EventCountry "IND"]
[SourceTitle "CBM 198 Extra"]
[Source "ChessBase"]
[SourceDate "2020.11.30"]
[SourceVersion "1"]
[SourceVersionDate "2020.11.30"]
[SourceQuality "1"]
[WhiteTeam "Jordan (W)"]
[BlackTeam "United Arab Emirates (W)"]
[WhiteTeamCountry "JOR"]
[BlackTeamCountry "UAE"]

1. d4 d5 2. Nf3 Nf6 3. Bg5 h6 4. Bh4 Nbd7 5. e3 e6 6. c3 Be7 7. Bd3 0-0 8. Nbd2 b6 9. Rc1 c5 10. Bb1 Bb7 11. Qc2 Rc8 12. Ne5 Ne4 13. Bxe7 Qxe7 14. Nxd7 Qxd7 15. 0-0 cxd4 16. exd4 b5 17. Nb3 g6 18. f3 Nd6 19. Nc5 Qc7 20. Nd3 a5 21. Ne5 Nf5 22. Qf2 Qe7 23. Rfe1 Qd6 24. Bxf5 exf5 25. Qg3 b4 26. Qh4 Kg7 27. f4 bxc3 28. bxc3 f6 29. Nd3 Rfe8 30. Nc5 Bc6 31. Nd3 Re4 32. g4 Rce8 33. gxf5 Rxe1+ 34. Rxe1 Rxe1+ 35. Nxe1 gxf5 36. Nf3 Qe6 37. Qe1 Qf7 38. Qf1 Kh7 39. Qg2 Qe7 40. h3 Qa3 41. Nh4 Be8 42. Nxf5 Bg6 43. Nh4 Qc1+ 44. Qf1 Qe3+ 45. Qf2 Qc1+ 46. Qf1 Qe3+ 47. Qf2 Qc1+ 48. Qf1 1/2-1/2

[Event "Sharjah Cup (Women) 10th"]
[Site "Sharjah"]
[Date "2020.01.07"]
[Round "4"]
[White "Al Ali, Aisha Saif"]
[Black "Sulejmanova, Ava"]
[Result "0-1"]
[WhiteElo "1499"]
[BlackElo "2213"]
[PlyCount "140"]
[EventDate "2020.01.04"]
[EventType "swiss"]
[EventRounds "9"]
[EventCountry "UAE"]
[SourceTitle "CBM 194 Extra"]
[Source "ChessBase"]
[SourceDate "2020.03.31"]
[SourceVersion "1"]
[SourceVersionDate "2020.03.31"]
[SourceQuality "1"]

1. e4 c5 2. Nf3 Nc6 3. d4 cxd4 4. Nxd4 e5 5. Nb3 d6 6. Nc3 f5 7. Bc4 Nf6 8. Bg5 Be7 9. Bxf6 Bxf6 10. Qd5 Rf8 11. 0-0-0 Be7 12. exf5 Bxf5 13. a3 a6 14. Rhe1 Rc8 15. Bd3 g6 16. f3 Bd7 17. Ne4 Qc7 18. Kb1 Nd8 19. Qa5 Be6 20. Qxc7 Rxc7 21. Bf1 d5 22. Nf2 Bd6 23. Nd3 Nf7 24. Nf4 exf4 25. Rxe6+ Kd7 26. Re2 Ne5 27. Red2 Rf6 28. Rxd5 Ke7 29. Nd2 Re6 30. Ne4 Nf7 31. g3 Be5 32. gxf4 Bxf4 33. Bh3 Rb6 34. Rd7+ Rxd7 35. Rxd7+ Ke8 36. Nc3 Be5 37. Re7+ Kf8 38. Re6 Rxe6 39. Bxe6 Bxh2 40. Bc8 Nd6 41. Be6 Ke7 42. Bd5 b6 43. b4 h5 44. Ne2 g5 45. c4 h4 46. c5 bxc5 47. bxc5 Nb5 48. a4 Nc7 49. Be4 Kf6 50. Nc3 h3 51. Bb7 Bg1 52. Ne4+ Kg6 53. c6 h2 54. Ng3 Kf6 55. Kc2 Ke5 56. Kd3 Kf4 57. Nh1 Kxf3 58. Bc8 g4 59. Bf5 Bb6 60. Be4+ Kf4 61. Bg2 Ne6 62. Kc4 Ke5 63. Kb4 Kd6 64. a5 Bc5+ 65. Kc4 Ba7 66. Ng3 Ke5 67. Bh1 Bf2 68. Nh5 Be1 69. Ng7 Nxg7 70. c7 Ne8 0-1

[Event "UAE President Cup U14 Girls"]
[Site "Ajman"]
[Date "2019.01.07"]
[Round "7"]
[White "Al Ali, Aisha Saif"]
[Black "Almaamari, Zainab Darwish"]
[Result "1/2-1/2"]
[WhiteElo "1365"]
[BlackElo "1252"]
[PlyCount "62"]
[EventDate "2019.01.02"]
[EventType "swiss"]
[EventRounds "9"]
[EventCountry "UAE"]
[SourceTitle "CBM 188 Extra"]
[Source "ChessBase"]
[SourceDate "2019.02.26"]
[SourceVersion "1"]
[SourceVersionDate "2019.02.26"]
[SourceQuality "1"]

1. e4 e5 2. Nf3 Nc6 3. Nc3 Nf6 4. d4 exd4 5. Nxd4 Nxe4 6. Nxe4 Qe7 7. Bd3 Nxd4 8. 0-0 d5 9. Ng3 Be6 10. Re1 0-0-0 11. c3 Nc6 12. Qa4 Qc5 13. Be3 d4 14. cxd4 Qb4 15. Qc2 Nxd4 16. Bxd4 Qxd4 17. Bf5 Qb6 18. Bxe6+ fxe6 19. Rac1 Bb4 20. Rxe6 c6 21. Re3 Rhf8 22. Ne4 g6 23. a3 Be7 24. Rb3 Qd4 25. Rxb7 Kxb7 26. Qxc6+ Kb8 27. Qc7+ Ka8 28. Qc6+ Kb8 29. Qc7+ Ka8 30. Qc6+ Kb8 31. Qc7+ Ka8 1/2-1/2

[Event "UAE President Cup U14 Girls"]
[Site "Ajman"]
[Date "2019.01.05"]
[Round "5"]
[White "Al Ali, Aisha Saif"]
[Black "Rayan, Mohammad Ali Hassan"]
[Result "1-0"]
[WhiteElo "1365"]
[BlackElo "1213"]
[PlyCount "47"]
[EventDate "2019.01.02"]
[EventType "swiss"]
[EventRounds "9"]
[EventCountry "UAE"]
[SourceTitle "CBM 188 Extra"]
[Source "ChessBase"]
[SourceDate "2019.02.26"]
[SourceVersion "1"]
[SourceVersionDate "2019.02.26"]
[SourceQuality "1"]

1. e4 d5 2. exd5 Qxd5 3. Nc3 Qd6 4. d4 Nf6 5. Nf3 c6 6. Ne5 Nbd7 7. Nc4 Qc7 8. a4 a5 9. Qf3 Nb6 10. Ne5 Be6 11. Bf4 Qd8 12. Rd1 Nfd5 13. Bg3 Nxc3 14. bxc3 f6 15. Nd3 Nxa4 16. Nf4 Bd7 17. Qh5+ g6 18. Nxg6 Bg4 19. Qxg4 hxg6 20. Qxg6+ Kd7 21. d5 Qb6 22. dxc6+ Kxc6 23. Qe4+ Kc5 24. Qd5# 1-0

[Event "UAE President Cup U14 Girls"]
[Site "Ajman"]
[Date "2019.01.03"]
[Round "2"]
[White "Mouza, Nasser Alshamsi"]
[Black "Al Ali, Aisha Saif"]
[Result "0-1"]
[WhiteElo "1294"]
[BlackElo "1365"]
[PlyCount "52"]
[EventDate "2019.01.02"]
[EventType "swiss"]
[EventRounds "9"]
[EventCountry "UAE"]
[SourceTitle "CBM 188 Extra"]
[Source "ChessBase"]
[SourceDate "2019.02.26"]
[SourceVersion "1"]
[SourceVersionDate "2019.02.26"]
[SourceQuality "1"]

1. e4 c5 2. Nf3 e6 3. d4 cxd4 4. Nxd4 Nf6 5. Nc3 d6 6. Bc4 Be7 7. Bb3 a6 8. Be3 b5 9. Qd3 Bb7 10. a3 Nbd7 11. f3 Rc8 12. Rd1 Qc7 13. g4 Nb6 14. h3 Nfd7 15. Nde2 Ne5 16. Bxb6 Nxd3+ 17. Rxd3 Qxb6 18. Nf4 a5 19. Ke2 Ba6 20. Kd2 b4 21. Re3 bxc3+ 22. bxc3 Bg5 23. Ree1 Bxf4+ 24. Kd1 Rxc3 25. Rh2 Qd4+ 26. Rd2 Qxd2# 0-1

[Event "UAE President Cup U14 Girls"]
[Site "Ajman"]
[Date "2019.01.02"]
[Round "1"]
[White "Al Ali, Aisha Saif"]
[Black "Mira, Husain Al Hammadi"]
[Result "1/2-1/2"]
[WhiteElo "1365"]
[BlackElo "1074"]
[PlyCount "84"]
[EventDate "2019.01.02"]
[EventType "swiss"]
[EventRounds "9"]
[EventCountry "UAE"]
[SourceTitle "CBM 188 Extra"]
[Source "ChessBase"]
[SourceDate "2019.02.26"]
[SourceVersion "1"]
[SourceVersionDate "2019.02.26"]
[SourceQuality "1"]

1. e4 e5 2. Nf3 Nc6 3. Nc3 Nf6 4. d4 exd4 5. Nxd4 Bc5 6. Be3 Bb6 7. Qd2 d6 8. Bc4 Qe7 9. f3 0-0 10. 0-0-0 Be6 11. Bb3 h6 12. g4 Rad8 13. h4 Bxd4 14. Bxd4 Nxd4 15. Qxd4 c5 16. Qe3 Nh7 17. Bd5 Rfe8 18. Rhg1 Bxd5 19. Nxd5 Qxh4 20. Rh1 Qg5 21. f4 Qxg4 22. Rdg1 Qe6 23. f5 Qxe4 24. Qxh6 Qe1+ 25. Rxe1 Rxe1+ 26. Rxe1 gxh6 27. f6 Kf8 28. Rh1 Ke8 29. Rxh6 Nf8 30. Rh3 Kd7 31. Ra3 a6 32. c4 Ng6 33. Rb3 Rb8 34. Rb6 Ke6 35. Nc7+ Kd7 36. Nd5 Ne5 37. b3 a5 38. Kc2 Nc6 39. a3 Ne5 40. Nc3 Kc7 41. Nd5+ Kd7 42. Kc3 Nc6 1/2-1/2

[Event "Sharjah Cup (Women) 9th"]
[Site "Sharjah"]
[Date "2018.12.15"]
[Round "2"]
[White "Babayan, Armine"]
[Black "Al Ali, Aisha Saif"]
[Result "1-0"]
[WhiteElo "2189"]
[BlackElo "1401"]
[PlyCount "55"]
[EventDate "2018.12.14"]
[EventType "swiss"]
[EventRounds "9"]
[EventCountry "UAE"]
[SourceTitle "CBM 187 Extra"]
[Source "ChessBase"]
[SourceDate "2018.11.04"]
[SourceVersion "1"]
[SourceVersionDate "2018.11.04"]
[SourceQuality "1"]

1. e4 c5 2. Nf3 e6 3. d4 cxd4 4. Nxd4 Nf6 5. Nc3 d6 6. Be2 Be7 7. Be3 0-0 8. Qd2 a6 9. g4 b5 10. g5 Nfd7 11. f4 Bb7 12. Bf3 Nb6 13. b3 N8d7 14. 0-0 Nc5 15. Qg2 Re8 16. f5 Bf8 17. f6 g6 18. h4 e5 19. Nde2 Ne6 20. h5 b4 21. hxg6 fxg6 22. Nd5 Nxd5 23. exd5 Nc5 24. Be4 Kh8 25. Bxg6 hxg6 26. Qh3+ Kg8 27. f7+ Kg7 28. Qh6# 1-0

[Event "Sharjah Cup (Women) 7th"]
[Site "Sharjah"]
[Date "2016.12.24"]
[Round "7"]
[White "Shamima, Akter Liza"]
[Black "Al Ali, Aisha Saif"]
[Result "0-1"]
[WhiteElo "2093"]
[BlackElo "1286"]
[PlyCount "140"]
[EventDate "2016.12.18"]
[EventType "swiss"]
[EventRounds "9"]
[EventCountry "UAE"]
[SourceTitle "CBM 176 Extra"]
[Source "ChessBase"]
[SourceDate "2017.03.02"]
[SourceVersion "1"]
[SourceVersionDate "2017.03.02"]
[SourceQuality "1"]

1. d4 d5 2. c4 e6 3. Nc3 Nf6 4. cxd5 exd5 5. Bg5 Be7 6. e3 h6 7. Bh4 0-0 8. Qc2 b6 9. Nf3 Bb7 10. Bd3 c5 11. 0-0 Nbd7 12. Rad1 Rc8 13. Ne5 cxd4 14. exd4 Nxe5 15. dxe5 Nh5 16. Bxe7 Qxe7 17. Bf5 Rc4 18. b3 Rc5 19. f4 Qc7 20. Qe2 Nxf4 21. Rxf4 Rxc3 22. Rg4 Qc5+ 23. Kh1 Qe3 24. Qe1 Bc8 25. Bxc8 Rfxc8 26. Rgd4 Qxe1+ 27. Rxe1 Rc1 28. Rdd1 Rxd1 29. Rxd1 Rc2 30. h3 Rxa2 31. Rxd5 Kf8 32. Rd7 Rb2 33. Rxa7 Rxb3 34. Rb7 b5 35. Kg1 b4 36. Kf2 Rb1 37. Ke2 b3 38. Kd2 Rb2+ 39. Ke1 Rxg2 40. Rxb3 Rg5 41. Rb8+ Ke7 42. Rb7+ Ke6 43. Kf2 Rxe5 44. Kf3 Rd5 45. h4 g5 46. h5 Rd7 47. Rb6+ Rd6 48. Rb7 Ke5 49. Rb5+ Ke6 50. Rb8 f5 51. Re8+ Kf7 52. Rh8 Kg7 53. Rb8 Rd3+ 54. Ke2 Rh3 55. Rb7+ Kf8 56. Rb8+ Ke7 57. Rb7+ Kd8 58. Rb8+ Kc7 59. Rf8 f4 60. Rf6 Rxh5 61. Kf3 Rh1 62. Kg2 Rh4 63. Kf3 Rh3+ 64. Kg2 Rg3+ 65. Kf2 h5 66. Rh6 h4 67. Rh5 Kd6 68. Rh6+ Ke5 69. Ra6 Kf5 70. Ra5+ Kg4 0-1

[Event "Asia-ch U12 Girls"]
[Site "Ulaanbaatar"]
[Date "2016.04.06"]
[Round "1"]
[White "Al Ali, Aisha Saif"]
[Black "Divya, Deshmukh"]
[Result "0-1"]
[WhiteElo "1288"]
[BlackElo "1894"]
[PlyCount "104"]
[EventDate "2016.04.06"]
[EventType "swiss"]
[EventRounds "9"]
[EventCountry "MGL"]
[SourceTitle "EXT 2017"]
[Source "ChessBase"]
[SourceDate "2016.10.25"]
[SourceVersion "1"]
[SourceVersionDate "2016.10.25"]
[SourceQuality "1"]

1. e4 c5 2. Nf3 g6 3. d4 cxd4 4. Qxd4 Nf6 5. Nc3 Nc6 6. Qa4 d6 7. e5 dxe5 8. Nxe5 Qd4 9. Nxc6 Qxa4 10. Nxa4 bxc6 11. Be3 Bf5 12. 0-0-0 Ng4 13. Bd4 e5 14. Re1 0-0-0 15. Bxe5 Nxe5 16. Rxe5 Bh6+ 17. Re3 Rhe8 18. Ba6+ Kc7 19. Rhe1 Bxe3+ 20. fxe3 Be4 21. g3 Bf3 22. Nc3 f5 23. Bc4 Re7 24. Bb3 Rde8 25. Kd2 g5 26. Bc4 f4 27. gxf4 gxf4 28. Nd1 Bxd1 29. Kxd1 Rxe3 30. Rf1 f3 31. c3 Kd6 32. Kc2 Ke5 33. Rf2 Kf4 34. Kd2 Rd8+ 35. Kc2 Re1 36. Bd3 Ke3 37. Rd2 Re2 38. Rxe2+ fxe2 39. Bxe2 Rd2+ 40. Kb3 Rxe2 41. Ka3 Rxh2 42. b4 Kd3 43. Kb3 Rc2 44. Ka3 Kxc3 45. b5 Rxa2+ 46. Kxa2 cxb5 47. Ka3 h5 48. Ka2 h4 49. Kb1 h3 50. Ka1 h2 51. Ka2 h1Q 52. Ka3 Qa1# 0-1

[Event "World School-ch U11 Girls 11th"]
[Site "Pattaya"]
[Date "2015.05.07"]
[Round "1"]
[White "Nurgali, Nazerke"]
[Black "Al Ali, Aisha Saif"]
[Result "1-0"]
[WhiteElo "1729"]
[BlackElo "1356"]
[PlyCount "75"]
[EventDate "2015.05.07"]
[EventType "swiss"]
[EventRounds "9"]
[EventCountry "THA"]
[SourceTitle "CBM 166 Extra"]
[Source "ChessBase"]
[SourceDate "2015.06.18"]
[SourceVersion "1"]
[SourceVersionDate "2015.06.18"]
[SourceQuality "1"]

1. d4 d5 2. Nf3 Nf6 3. c4 c6 4. Nc3 Nbd7 5. Bg5 e6 6. e3 h6 7. Bh4 Be7 8. Bd3 dxc4 9. Bxc4 Nd5 10. Bg3 N7f6 11. 0-0 0-0 12. Rc1 Bd6 13. Bd3 Bxg3 14. hxg3 b6 15. e4 Nb4 16. Bb1 Ba6 17. Re1 c5 18. dxc5 bxc5 19. e5 Nfd5 20. Ne4 Qb6 21. Nxc5 Rfd8 22. Qb3 Rab8 23. a3 Nc6 24. Qc2 Nc7 25. Nxa6 Qxa6 26. Qxc6 Qxc6 27. Rxc6 Nd5 28. b4 Rd7 29. Rec1 Rbd8 30. Rd6 Kf8 31. Rxd7 Rxd7 32. Rc8+ Ke7 33. Nd4 f6 34. Nc6+ Kf7 35. exf6 Nxf6 36. Ne5+ Ke7 37. Nxd7 Nxd7 38. Ra8 1-0